Responses for Show #7280 - Friday, April 15, 2016

Andrew Pau game 1.

Contestants

[<< previous game]

McKinnie Lee Sizemore, a DJ and music journalist from Orlando, Florida

Andrew Pau, an assistant professor from Amherst, Ohio

Margaret Miles, a librarian from Wilmington, North Carolina (whose 1-day cash winnings total $40,100)

[next game >>]

Jeopardy! Round responses

SPEAKER'S CORNER
COUNTRY MUSIC
IN MY DESK DRAWER
WRITERS BY INITIALS
(Alex: We'll give you the initials, you give us the full name of the author.)
"KNOCK", KNOCK
WHO'S THERE?
    $200 27
California

Andrew
    $200 19
the Judds (Naomi & Wynonna)

Margaret
    $200 24
Elmer's

McKinnie
    $200 1
George Bernard Shaw

McKinnie
    $200 16
a knockoff

Andrew
    $200 17
Frankenstein

Margaret
    $400 28
Georgia

McKinnie
    $400 13
Toby Keith

McKinnie
    $400 26
3M

McKinnie
    $400 4
Michael Crichton

Margaret
    $400 15
antiknock compounds

Margaret
    $400 18
Boone

McKinnie
    $600 29
(McKinnie: Who is Ted Kennedy?)

Tip O'Neill

MargaretMcKinnie
    $600 11
Little Big Town

McKinnie
    $600 23
Texas Instruments

Margaret
    $600 5
Henry David Thoreau

Margaret
    $600 12
knockwurst

McKinnie
    $600 20
the Impressionists

Margaret
    $800 7
Wisconsin

Triple Stumper
    $800 9
(Alex: McKinnie, you knew that.)

Zac Brown

Triple Stumper
    $800 14
a stapler

McKinnie
    $800 6
David Foster Wallace

McKinnie
    $800 8
a technical knockout

McKinnie
    $3,400 21
(Alex: And you have just enough money to overtake McKinnie for the lead, if you risked it all.)
(Margaret: Let's make it a True Daily Double.)
(Alex: Ooh! Saucy lady.)

Robert E. Lee

Margaret
    $1000 30
(McKinnie: Who is Houston?)

(Sam) Rayburn

MargaretMcKinnie
    $1000 3
Boy named Sue

Margaret
    $1000 25
(Alex: Yes, with less than a minute to go now.)

Ticonderoga

Margaret
    $1000 2
Mario Vargas Llosa

McKinnie
    $1000 10
the school of hard knocks

McKinnie
    $1000 22
(Charles) Babbage

McKinnie

Scores at the first commercial break (after clue 15):

Margaret Andrew McKinnie
$2,400 $0 $6,200

Scores at the end of the Jeopardy! Round:

Margaret Andrew McKinnie
$10,000 $400 $7,000

Double Jeopardy! Round responses

ALMOST RHYMES WITH ORANGE
RUSSIAN CITIES
DESCRIBING THE ANIMAL
17th CENTURY PEOPLE
TV SHOWS BASED ON MOVIES
ODDS & "N"s
    $400 30
grunge

McKinnie
    $400 1
Moscow

Margaret
    $400 25
ape

McKinnie
    $400 6
Rembrandt

Andrew
    $400 24
Friday Night Lights

Margaret
    $400 16
nesting dolls

McKinnie
    $800 29
revenge

McKinnie
    $800 2
(McKinnie: What the Prime Meridian?)

the Arctic Circle

AndrewMcKinnie
    $800 23
a bull

McKinnie
    $800 7
kabuki

Margaret
    $800 18
Bates Motel

McKinnie
    $800 13
New England

McKinnie
    $1200 28
singe

Andrew
    $1200 3
Engels

Andrew
    $3,600 21
(Alex: Margaret? Anything?)
[Margaret shakes her head slightly.]

a wasp

Margaret
    $1200 8
the Thirty Years' War

Andrew
    $1200 17
Animal House

Andrew
    $1200 12
nori

Margaret
    $1600 26
portage

Margaret
    $1600 4
Chechnya

Andrew
    $1600 20
a deer

Margaret
    $1600 9
(Alex: Yes. [*]. There was a real one.)

(Cyrano) de Bergerac

Margaret
    $1600 14
Minority Report

McKinnie
    $1600 11
nocturnes

Andrew
    $2000 27
mélange

Andrew
    $3,000 5
Kirov

Andrew
    $2000 22
a peacock

Andrew
    $2000 10
Myles Standish

McKinnie
    $2000 19
Limitless

McKinnie
    $2000 15
Nicholas II (of Russia)

Margaret

Scores at the end of the Double Jeopardy! Round:

Margaret Andrew McKinnie
$16,000 $16,600 $16,200

[wagering suggestions for these scores]

Final Jeopardy! Round responses

CONTEMPORARY WOMEN AUTHORS
(Alex: [To Margaret] "X" came up in 2015.)
...
(Alex: Now Andrew Pau, we recall, started the Double Jeopardy! Round with $400.)
MargaretWho is Grafton?
$15,999
McKinnieWho is Grafton?
$16,200
AndrewWho is Grafton?
$15,801
Sue Grafton

Final scores:

Margaret Andrew McKinnie
$31,999 $32,401 $32,400
3rd place: $1,000 New champion: $32,401 2nd place: $2,000

Game dynamics:

Coryat scores:

Margaret Andrew McKinnie
$17,000 $15,600 $16,200
20 R
(including 1 DD),
1 W
(including 1 DD)
13 R
(including 1 DD),
0 W
24 R,
3 W

Combined Coryat: $48,800

[game clues] [game scores] [suggest correction]

Game tape date: 2016-03-01
The J! Archive is created by fans, for fans. Scraping, republication, monetization, and malicious use prohibited; this site may use cookies and collect identifying information. See terms. The Jeopardy! game show and all elements thereof, including but not limited to copyright and trademark thereto, are the property of Jeopardy Productions, Inc. and are protected under law. This website is not affiliated with, sponsored by, or operated by Jeopardy Productions, Inc. Join the discussion at JBoard.tv.